Pragmática.

Zapisane w:
Opis bibliograficzny
1. autor: Escandell Vidal, María Victoria (autora)
Kolejni autorzy: Amenós Pons, José (Redaktor), Ahern, Aoife Kathleen (editora)
Format: Nieznany
Wydane: Madrid, España: Akal, 2020.
Seria:Lingüística.
Hasła przedmiotowe:
Etykiety: Dodaj etykietę
Nie ma etykietki, Dołącz pierwszą etykiete!

MARC

LEADER 00000 a2200000 4500
003 CL-VaPUC
005 20240717090106.0
008 230105t2020||| |||| 00| 0 eng d
999 |c 439446  |d 439444 
020 |a 978-84-460-4871-8 
040 |c Pontificia Universidad Católica de Valparaíso 
082 7 |a 401.9 ESC 2020  |2 22 
100 |a Escandell Vidal, María Victoria  |e autora  |9 586947 
245 |a Pragmática. 
260 |a Madrid, España:  |b Akal,  |c 2020. 
300 |a 820 páginas.  
490 |a Lingüística.  
583 |k GC  |c 20230105 
650 |a Pragmática   |x Aplicaciones   |9 879711 
650 |a Pragmática   |x Psicolingüística   |9 879452 
650 |a Filosofía del lenguaje   |9 257082 
700 |a Amenós Pons, José   |e editor  |9 879713 
700 |a Ahern, Aoife Kathleen  |e editora  |9 879714 
942 |2 ddc  |c BK 
952 |0 0  |1 0  |2 ddc  |4 0  |6 401_900000000000000_ESC_2020  |7 0  |8 A  |9 588378  |a BIBEDU  |b BIBEDU  |c GEN  |d 2022-12-19  |e 1  |g 58975.00  |i 5656154  |l 1  |o 401.9 ESC 2020  |p 5656154  |r 2024-06-17  |s 2024-06-10  |t 1  |v 58975.00  |w 2022-12-19  |y BK  |k LIT